Hipótesis y teorías relativas a los cometas y colas cometarias (Record no. 32916)
[ view plain ]
| 000 -LEADER | |
|---|---|
| campo de control de longitud fija | 01151nam a2200253 i 4500 |
| 001 - NÚMERO DE CONTROL | |
| campo de control | 32916 |
| 003 - IDENTIFICADOR DE NÚMERO DE CONTROL | |
| campo de control | ES-MaACL |
| 005 - FECHA Y HORA DE LA ÚLTIMA TRANSACCIÓN | |
| campo de control | 20251015063048.0 |
| 007 - CAMPO FIJO DE DESCRIPCIÓN FÍSICA--INFORMACIÓN GENERAL | |
| campo de control de longitud fija | t| |
| 008 - DATOS DE LONGITUD FIJA--INFORMACIÓN GENERAL | |
| campo de control de longitud fija | 030131s1910 sp ||||1| spa d |
| 100 1# - ENTRADA PRINCIPAL--NOMBRE DE PERSONA | |
| Nombre de persona | Bentabol y Ureta, Horacio, |
| Fechas asociadas al nombre | 1854-1928 |
| 9 (RLIN) | 27784 |
| 245 10 - MENCIÓN DEL TÍTULO | |
| Título | Hipótesis y teorías relativas a los cometas y colas cometarias |
| Resto del título | : y consideraciones sobre las posibles consecuencias del encuentro de éstas con la Tierra : extracto de la conferencia pública pronunciada en la noche del 12 de abril de 1910 en la Real Sociedad Geográfica de Madrid / |
| Mención de responsabilidad, etc. | por Horacio Bentabol y Ureta. |
| 246 3# - FORMA VARIANTE DEL TITULO | |
| Título propio/Titulo breve | Tít. de anteport.: Los cometas y sus colas |
| 250 ## - MENCION DE EDICION | |
| Mención de edición | Ed. popular. |
| 260 ## - PUBLICACIÓN, DISTRIBUCIÓN, ETC. | |
| Lugar de publicación, distribución, etc. | Madrid : |
| Nombre del editor, distribuidor, etc. | [s.n.], |
| Fecha de publicación, distribución, etc. | 1910 ( |
| Fabricante | Imp. Ciudad Líneal) |
| 300 ## - DESCRIPCIÓN FÍSICA | |
| Extensión | 40 p. ; |
| Dimensiones | 15 cm. |
| 530 ## - NOTA DISPONIBLE DE FORMULARIO FÍSICO ADICIONAL | |
| Nota de formato físico adicional disponible | Disponible en formato digital. |
| 650 04 - PUNTO DE ACCESO ADICIONAL DE MATERIA--TÉRMINO DE MATERIA | |
| Término de materia o nombre geográfico como elemento de entrada | Cometas. |
| 9 (RLIN) | 11171 |
| 710 2# - ENTRADA AGREGADA--NOMBRE DE ENTIDAD CORPORATIVA | |
| Nombre de entidad corporativa o nombre de jurisdicción como elemento de entrada | Real Sociedad Geográfica |
| 9 (RLIN) | 6403 |
| 852 ## - LOCALIZACIÓN | |
| Ubicación | ES-MaACL |
| Número de control de estantería | 1736-F-1 |
| itemnumber | 34142 |
| Ubicación en estantería | Depósito folletos |
| Nota libre | Revisado enlace: 06 de Abril de 2025 |
| 856 ## - LOCALIZACIÓN Y ACCESO ELECTRÓNICOS | |
| Identificador Uniforme de Recursos | <a href="http://bdh-rd.bne.es/viewer.vm?id=0000103877&page=1 ">http://bdh-rd.bne.es/viewer.vm?id=0000103877&page=1 </a> |
| Texto de enlace | Biblioteca Digital Hispánica |
| 942 ## - ELEMENTOS DE ENTRADA SECUNDARIOS (KOHA) | |
| Fuente del sistema de clasificación o colocación | Clasificación decimal universal |
| Estatus retirado | Estado de pérdida | Estado de daño | No para préstamo | Colección | Biblioteca de origen | Biblioteca actual | Ubicación en estantería | Fecha de adquisición | Fuente de adquisición | Total de préstamos | Signatura topográfica completa | Código de barras | Visto por última vez | Precio de reemplazo | Tipo de ítem Koha |
|---|---|---|---|---|---|---|---|---|---|---|---|---|---|---|---|
| Colección de folletos | Biblioteca del Ateneo de Madrid | Biblioteca del Ateneo de Madrid | Depósito folletos | 17/01/2008 | 1736-F-1 | 1034184 | 23/02/2023 | 23/02/2023 | Folleto |
